[Event "Braga-ch"]
[Site "Guimaraes"]
[Date "2002.??.??"]
[Round "4.4"]
[White "Moreira, Jorge"]
[Black "Viana, Eduardo Escudeiro"]
[Result "1-0"]
[WhiteElo "1715"]
[BlackElo "1700"]
[PlyCount "83"]
[EventDate "2002.04.19"]
[EventType "swiss"]
[EventRounds "8"]
[EventCountry "POR"]
[SourceTitle "EXT 2003"]
[Source "ChessBase"]
[SourceDate "2002.11.25"]
[SourceVersion "1"]
[SourceVersionDate "2002.11.25"]
[SourceQuality "1"]

1. d4 Nf6 2. c4 c5 3. Nf3 g6 4. e3 Bg7 5. Nc3 cxd4 6. exd4 0-0 7. Be2 d6 8. 0-0 a6 9. Be3 Re8 10. Rc1 Bf5 11. Re1 Nc6 12. a3 h6 13. d5 Nb8 14. Qd2 Kh7 15. Nh4 Qd7 16. Nxf5 Qxf5 17. Qc2 Qxc2 18. Rxc2 Nbd7 19. Bd4 Ng8 20. Bxg7 Kxg7 21. b4 Ngf6 22. h3 e5 23. dxe6 fxe6 24. Bf3 Rac8 25. Ne4 Nxe4 26. Bxe4 d5 27. cxd5 Rxc2 28. Bxc2 Rc8 29. Rxe6 Nf6 30. Be4 Rc4 31. f3 Kf7 32. Rb6 Nxe4 33. fxe4 Rxe4 34. Rxb7+ Re7 35. Rb6 a5 36. b5 Re3 37. Ra6 Rxa3 38. b6 Ra1+ 39. Kh2 Rb1 40. Ra7+ Ke8 41. b7 Kd8 42. d6 1-0